[Event "12th Linares it"]
[Site "Linares ESP"]
[Date "1994.02.24"]
[Round "2"]
[White "Kamsky, Gata"]
[Black "Beliavsky, Alexander"]
[Result "1-0"]
[WhiteElo "2695"]
[BlackElo "2650"]
[EventDate "1994.02.12"]
[PlyCount "61"]

1.d4 Nf6 2.c4 e6 3.Nc3 Bb4 4.e3 O-O 5.Bd3 c5 6.Ne2 cxd4 7.exd4 d5 8.O-O 
dxc4 9.Bxc4 Nc6 10.Bg5 Be7 11.Rc1 Qa5 12.Qd2 Rd8 13.a3 Bd7 14.Rfd1 Be8 15.
Ba2 h6 16.Be3 Bd6 17.h3 Rac8 18.Bxh6 gxh6 19.Qxh6 Nh7 20.Bb1 f5 21.b4 Qc7 
22.Qxe6+ Qf7 23.Bxf5 Rc7 24.Ne4 Qxe6 25.Bxe6+ Bf7 26.d5 Ne5 27.Nd4 Rxc1 
28.Rxc1 Bb8 29.Nf5 Kf8 30.Nc5 Ng5 31.Nxb7 1-0